Chanteurs et chanteuses qui ont participé à l'Eurovision - Statistiques

Statistiques générales
  • Ce quiz a été pris 285 fois
  • Le résultat moyen est 6 sur 15
Answers on the Grid
Answers color-coded by a green-red scale on the quiz's grid according to % correct below.
Céline Dion
Loreen
Lara Fabian
Henri Dès
Bonnie Taylor
Patricia Kass
Patrick Juvet
Stéphane Eicher
DJ Antoine
Garou
Hugues Aufray
Julio Iglesias
France Gall
Diane Tell
Ed Sheeran
Amir
Kendji Girac
Aurora
Zazie
Mika
Françoise Hardy
Chantal Goya
Nena
Lena Meyer-Landrut
Domenico Modugno
Plácido Domingo
Johnny Logan
Whitney Marin
Pascale Audret
Anne Sylvestre
 
Statistiques - réponses
Réponse % Correct
France Gall
74%
Amir
73%
Céline Dion
73%
Loreen
67%
Patricia Kass
56%
Lara Fabian
53%
Johnny Logan
39%
Bonnie Taylor
30%
Lena Meyer-Landrut
30%
Domenico Modugno
23%
Françoise Hardy
23%
Julio Iglesias
21%
Patrick Juvet
19%
Hugues Aufray
14%
Henri Dès
12%
Aucun quiz correspondant
Distribution des résultats
% des personnes avec chaque résultat
Percentile par nombre de réponses
Votre historique - résultats
Vous n’avez pas pris ce quiz